| 000 | 01120nam a2200301Ia 4500 | ||
|---|---|---|---|
| 003 | GCL | ||
| 005 | 20240530095629.0 | ||
| 008 | 140319s9999 xx 000 0 ara d | ||
| 040 |
_aGCL / _cGCL |
||
| 082 | 0 | 4 |
_a302.4 _bق/خ ط |
| 100 | 1 | _aمحمد سليم العوا | |
| 245 | 1 | 0 |
_aطريق مصر لقبول الذات : _bالاحتقان الطائفى وخطايا التعليم العام والازهرى / _cمحمد سليم العوا |
| 250 | _aالاولى | ||
| 260 |
_aالقاهرة : _bمركز القاهرة لدراسات حقوق الانسان ، _c2006 |
||
| 300 |
_a239 ص ؛ _c24 سم |
||
| 490 |
_aسلسلة اطروحات جامعية _v7 |
||
| 650 | 0 | 4 | _aالعلاقات الانسانية |
| 650 | 0 | 4 | _aالصراع الطائفى |
| 650 | 0 | 4 | _aالسلوك الاجتماعى |
| 650 | 0 | 4 | _aالتكيف الاجتماعى |
| 650 | 0 | 4 | _aالتفاعل الاجتماعى |
| 650 | 0 | 4 | _aحرية العقيدة |
| 650 | 0 | 4 | _aالانتماء |
| 650 | 0 | 4 | _aالمواطنة - مصر |
| 700 | 1 | _aخالد عثمان | |
| 700 | 1 | _aيوحنا قلته | |
| 942 |
_2ddc _cBK |
||
| 999 |
_c9008 _d9008 |
||